| 000 | 00784nam a22002655i 4500 | ||
|---|---|---|---|
| 001 | 12336 | ||
| 003 | ES-MaACL | ||
| 005 | 20230906150306.0 | ||
| 007 | t| | ||
| 008 | 931229s1993 sp ||||0| spa j | ||
| 020 | _a84-88186-08-8 | ||
| 040 |
_aM-BN _bspa _cM-BN |
||
| 080 | _a75 López Romeral, José Luis | ||
| 080 | _a929 López Romeral, José Luis | ||
| 100 | 1 |
_aCobo, Jesús. _939349 |
|
| 245 | 1 | 0 |
_aJosé Luis López Romeral / _cJesús Cobo. |
| 260 |
_aMadrid : _bMRD Grupo, _cD.L. 1993. |
||
| 300 |
_a64 p : _bil. col. y n ; _c28 cm. |
||
| 490 | 1 | _aGesto arte | |
| 600 | 1 | 4 |
_aLópez Romeral, José Luis. _973936 |
| 700 | 1 |
_aLópez Romeral, José Luis. _973936 |
|
| 830 | 0 |
_aGesto arte _9228289 |
|
| 852 |
_aES-MaACL _jL-19634 _bR.122754 |
||
| 999 |
_c12336 _d12336 |
||